000 00359nam a2200133Ia 4500
008 220217s9999||||xx |||||||||||||| ||und||
020 _a817409248X
082 _a519.24 GRE
100 _aGrewal B.S
245 0 _aNumerical methods in engineering and science
260 _aKhanna publishers
_bDelhi
_c2019
300 _aX, 700p.
_b569
650 _aMathmatics
999 _c189427
_d189427